| 000 | 00342nam a2200133Ia 4500 | ||
|---|---|---|---|
| 008 | 230524s9999 xx 000 0 und d | ||
| 020 | _a9789380349305 | ||
| 100 |
_aPreeti Shenoy _936649 |
||
| 245 | 0 | _aLife is What you Make it | |
| 260 | _bSrishti | ||
| 500 | _aQuantity Number: 1 | ||
| 650 |
_aPersonality Development _936650 |
||
| 942 | _cBK | ||
| 999 |
_c50683 _d50683 |
||